|
|
|
|
| LEADER |
00000nam0a2200000 4500 |
| 001 |
121484 |
| 005 |
20231101215700.0 |
| 035 |
|
|
|a (RuTPU)RU\TPU\book\131562
|
| 035 |
|
|
|a RU\TPU\book\131561
|
| 090 |
|
|
|a 121484
|
| 100 |
|
|
|a 20070914d1974 m y0rusy50 ca
|
| 101 |
0 |
|
|a rus
|
| 102 |
|
|
|a RU
|
| 105 |
|
|
|a a z 001ay
|
| 200 |
1 |
|
|a Собрание сочинений в пяти томх
|h Т. 5. Исторические очерки. Публицистика
|f Н. Г. Чернышевский
|g сост. Ю. С. Мелентьева; худож. Р. Г. Алеев
|
| 210 |
|
|
|a Москва
|c Правда
|d 1974
|
| 215 |
|
|
|a 416 с.
|c ил.
|
| 225 |
1 |
|
|a Библиотека "Огонек". Отечественная классика
|
| 320 |
|
|
|a Именной указатель к Собранию сочинений: с. 307-321
|
| 610 |
1 |
|
|a русская литература
|
| 610 |
1 |
|
|a статьи
|
| 610 |
1 |
|
|a исторические очерки
|
| 610 |
1 |
|
|a публицистика
|
| 675 |
|
|
|a Р1
|v 3
|
| 700 |
|
1 |
|a Чернышевский
|b Н. Г.
|c публицист
|c литературный критик
|c писатель
|f 1828-1889
|g Николай Гаврилович
|2 stltpush
|3 (RuTPU)RU\TPU\pers\861
|9 385
|
| 702 |
|
1 |
|a Мелентьева
|b Ю. С.
|4 220
|
| 702 |
|
1 |
|a Алеев
|b Р. Г.
|4 440
|
| 801 |
|
1 |
|a RU
|b 63413507
|c 20070914
|g PSBO
|
| 801 |
|
2 |
|a RU
|b 63413507
|c 20070914
|g PSBO
|
| 942 |
|
|
|c BK
|